Регионална библиотека "Любен Каравелов" - Русе

Тайното сърце на часовника (Запис номер 107249)

MARC детайли
000 -Лидер
Контролно поле с фиксирана дължина 01641nam a2200409 c 4500
003 - Код на организацията, давaща контролен номер
Контролно поле BLK
005 - Дата и час на последна редакция
Контролно поле 20250715125437.0
008 - Елементи от данни с фиксирана дължина
fixed length control field 180409b bul|||||r ||||||| ||bul||
010 ## - Наследен системен номер
LC control number KNG00112525000
020 ## - Международен стандартен номер на книга ISBN
Международен стандартен номер на книга ISBN 954-736-024-8
040 ## - Източник на каталожния запис
Идентификатор на билиотеката - собственик на записа BLK
041 ## - Код за език
Код за езика на текст/звукозапис или на отделно заглавие Български
Код за езика КДБФ Български
080 ## - УДК
Текстов определител УДК Австрийска литература
УДК код - определител по УДК 821.112(436)
УДК определител -84
УДК - код + определител 821.112(436)-84
100 ## - Редна дума - Автор
Автор Канети, Елиас
Дати, свързани с автора 1905 - 1994
Автор - информация (биография) Австрийски писател - нобелист, роден в Русе
Авторска отговорност първи автор
R(LIN) 367554
139 ## - Редно поле
Редна дума Канети, Елиас
Авторски знак Канг - К 25
245 10 - Сведения за заглавието
Заглавие Тайното сърце на часовника
Подзаглавни данни Записки 1973 - 1985
Редно поле (дума) Елиас Канети; прев. от нем. Пенка Емилова Ангелова; прев. от нем. Ана Стоева Димова.
257 ## - Страна на издаване
Страна на създаване/издаване Австрия
260 ## - Област на издателските данни
Име на издателя, разпространителя и проч. Пик
Година на издаване 1999
Печатница В. Търново : Абагар
300 ## - Физическа характеристика
Страници 160 с.
Размери/Мащаб 22 см
380 ## - Жанр
Жанр Худож. лит.
490 1# - СЕРИИ (Колекции)
Име на серия Библиотека Елиас Канети
500 ## - Общи забележки
Забележка Без сведение за ориг. загл. - Офс. изд.
653 ## - Ключова дума – ненормативна
Ключова дума максими
653 ## - Ключова дума – ненормативна
Ключова дума афоризми
653 ## - Ключова дума – ненормативна
Ключова дума сентенции
659 ## - Тематичен бюлетин
Тематичен бюлетин К
700 1# - Други автори (авторска отговорност)
Лично име Ангелова, Пенка Емилова
Автороска отговорност (Описва отношението между автора и произведението) прев. от нем.
9 (RLIN) 364138
700 1# - Други автори (авторска отговорност)
Лично име Димова, Ана Стоева
Автороска отговорност (Описва отношението между автора и произведението) прев. от нем.
9 (RLIN) 241586
852 ## - Местоположение
Форматна сигнатура Цб 219127
852 ## - Местоположение
Форматна сигнатура К 821/К 25 Е
856 4# - Електронен адрес и достъп
Електронен формат pdf - файл
856 4# - Електронен адрес и достъп
Електронен формат pdf - файл
999 ## - СИСТЕМНИ КОНТРОЛНИ НОМЕРА
Koha biblionumber 107249
Koha biblioitemnumber 107249
942 ## - АРТИКУЛИ
Вид на библиотечния материал Книги
Скрит в OPAC Не
Периодичен библиозапис Да
Koha issues (borrowed), all copies 1
944 ## - СЪЗДАВАНЕ И РЕДАКЦИЯ на ЗАПИСА
Създаване/Редакция Създаване
Дата на регистрацията/редакция 22.04.2004
Служител, извършил регистрацията/редакцията 30558
Статус, дата на статуса Валя Йорданова
944 ## - СЪЗДАВАНЕ И РЕДАКЦИЯ на ЗАПИСА
Създаване/Редакция Редакция
Дата на регистрацията/редакция 23.04.2004
999 ## - СИСТЕМНИ КОНТРОЛНИ НОМЕРА
Koha biblioitemnumber 107249
Наличности
Код за отписване Код за изгубен артикул Източник на класификационната схема Код за повреда Коз за рестрикции Код за отдаване Артикулен № Име на библиотеката - собственик Име на библиотеката, в която се намира в момента Статус (Текущо местоположение) Дата на вписване в системата Местоположение - отдел Цена в лева Инвентарен номер Систематично азбучна сигнатура Баркод Номер на екземпляра Цена в евро Служебна бележка Служебен тип на артикула
  Не е изгубен Universal Decimal Classification Не е повреден без рестрикции ползва се в читалня 173103 Регионална библиотека "Любен Каравелов" Русе Регионална библиотека "Любен Каравелов" Русе Краезнание 2004-04-22 Краезнание 5.00 120000684775 К 821/К 25 Е 120000684775 1 2.56 Дост: Pk Вид: Ф N: 179 Дата: 21.04.2004 Дата инв: 08.11.2017 Бележки инв: К2017 Книги
Vip Innovations Ltd, Rousse, Bulgaria 2025